Innovation in the Hungarian food economy
Článok sa zameriava na úlohu otvorenosti v inovačných procesoch a absorpčnú schopnosť firiem vysvetľujúcu inovačnú výkonnosť. Faktory ovplyvňujúce inovačnú výkonnosť.
Gespeichert in:
| 1. Verfasser: | |
|---|---|
| Weitere Verfasser: | |
| Format: | Buchkapitel |
| Sprache: | Englisch |
| Schlagworte: | |
| Tags: |
Keine Tags, Fügen Sie das erste Tag hinzu!
|
MARC
| LEADER | 00000naa a2200000 4500 | ||
|---|---|---|---|
| 001 | 0228897 | ||
| 005 | 20220805075044.5 | ||
| 041 | 0 | |a eng | |
| 044 | |a CZ | ||
| 245 | 1 | 0 | |a Innovation in the Hungarian food economy |c Jozsef Toth, Imre Fertő |
| 520 | |a Článok sa zameriava na úlohu otvorenosti v inovačných procesoch a absorpčnú schopnosť firiem vysvetľujúcu inovačnú výkonnosť. Faktory ovplyvňujúce inovačnú výkonnosť. | ||
| 610 | 2 | 0 | |a podnik malý |
| 610 | 2 | 0 | |a podnik stredný |
| 610 | 2 | 0 | |a potravinárstvo |
| 610 | 2 | 0 | |a Maďarsko |
| 610 | 2 | 0 | |a inovácia |
| 610 | 2 | 0 | |a výkonnosť inovačná |
| 610 | 2 | 0 | |a analýza ekonometrická |
| 610 | 2 | 0 | |a klaster |
| 100 | 1 | |a Toth, Jozsef | |
| 700 | 1 | |a Fertő, Imre | |